Statistics for The First Letter is A

Click here to take the quiz!

General Stats

  • This quiz has been taken 633 times
  • The average score is 14 of 26

Answer Stats

HintAnswer% Correct
AbAbaca | Abaci | Aback | Abaft | Abaka | Abamp | Abase | Abash | Abate | Abaya | Abbas | Abbes | Abbey | Abbot | Abeam | Abele | Abets | Abhor | Abide | Abled | Abler | Ables | Abmho | Abode | Abohm | Aboil | Aboma | Aboon | Abort | About | Above | Abris | Abuse | Abuts | Abuzz | Abyes | Abysm | Abyss
91%
AgAgain | Agama | Agape | Agars | Agate | Agave | Agaze | Agene | Agent | Agers | Agger | Aggie | Aggro | Aghas | Agile | Aging | Agios | Agism | Agist | Agita | Aglee | Aglet | Agley | Aglow | Agmas | Agone | Agons | Agony | Agora | Agree | Agria | Agues
84%
AdAdage | Adapt | Addax | Added | Adder | Addle | Adeem | Adept | Adieu | Adios | Adits | Adman | Admen | Admit | Admix | Adobe | Adobo | Adopt | Adore | Adorn | Adown | Adoze | Adult | Adunc | Adust | Adyta | Adzed | Adzes
83%
AlAlack | Alamo | Aland | Alane | Alang | Alans | Alant | Alarm | Alary | Alate | Albas | Album | Alcid | Alder | Aldol | Aleck | Alecs | Alefs | Aleph | Alert | Alfas | Algae | Algal | Algas | Algid | Algin | Algor | Algum | Alias | Alibi | Alien | Alifs | Align | Alike | Aline | Alist | Alive | Aliya | Alkie | Alkyd | Alkyl | Allay | Allee | Alley | Allod | Allot | Allow | Alloy | Allyl | Almah | Almas | Almeh | Almes | Almud | Almug | Aloes | Aloft | Aloha | Aloin | Alone | Along | Aloof | Aloud | Alpha | Altar | Alter | Altho | Altos | Alula | Alums | Alway
81%
AcAcari | Acerb | Aceta | Ached | Aches | Achoo | Acids | Acidy | Acing | Acini | Ackee | Acmes | Acmic | Acned | Acnes | Acock | Acold | Acorn | Acred | Acres | Acrid | Acted | Actin | Actor | Acute | Acyls
80%
ApApace | Apart | Apeak | Apeek | Apers | Apery | Aphid | Aphis | Apian | Aping | Apish | Apnea | Apods | Aport | Appal | Appel | Apple | Apply | Apres | Apron | Apses | Apsis | Apter | Aptly
79%
AmAmahs | Amain | Amass | Amaze | Amber | Ambit | Amble | Ambos | Ambry | Ameba | Ameer | Amend | Amens | Ament | Amias | Amice | Amici | Amide | Amido | Amids | Amies | Amiga | Amigo | Amine | Amino | Amins | Amirs | Amiss | Amity | Ammos | Amnia | Amnic | Amnio | Amoks | Amole | Among | Amort | Amour | Amped | Ample | Amply | Ampul | Amuck | Amuse | Amyls
77%
ArAraks | Arame | Arbor | Arced | Arcus | Ardeb | Ardor | Areae | Areal | Areas | Areca | Areic | Arena | Arene | Arepa | Arete | Argal | Agril | Argle | Argol | Argon | Argot | Argue | Argus | Arhat | Arias | Ariel | Arils | Arise | Arles | Armed | Armer | Armet | Armor | Aroid | Aroma | Arose | Arpen | Arras | Array | Arris | Arrow | Arses | Arsis | Arson | Artal | Artel | Artsy | Arums | Arval | Arvos | Aryls
77%
AnAncho | Ancon | Andro | Anear | Anele | Anent | Angas | Angel | Anger | Angle | Anglo | Angry | Angst | Anile | Anils | Anima | Anime | Animi | Anion | Anise | Ankhs | Ankle | Ankus | Anlas | Annal | Annas | Annex | Annoy | Annul | Anoas | Anode | Anole | Anomy | Ansae | Antae | Antas | Anted | Antes | Antic | Antis | Antra | Antre | Antsy | Anvil | Anyon
75%
AfAfars | Affix | Afire | Afoot | Afore | Afoul | Afrit | Afros | After
74%
AsAsana | Ascot | Ascus | Asdic | Ashed | Ashen | Ashes | Aside | Asked | Asker | Askew | Askoi | Askos | Aspen | Asper | Aspic | Aspis | Assai | Assay | Asses | Asset | Aster | Astir | Asyla
68%
AvAvail | Avant | Avast | Avens | Avers | Avert | Avgas | Avian | Avion | Aviso | Avoid | Avows
63%
AwAwait | Awake | Award | Aware | Awash | Awful | Awing | Awned | Awoke | Awols
63%
AiAided | Aider | Aides | Ailed | Aimed | Aimer | Aioli | Aired | Airer | Airns | Airth | Airts | Aisle | Aitch | Aiver
57%
AxAxels | Axial | Axile | Axils | Axing | Axiom | Axion | Axite | Axled | Axles | Axman | Axmen | Axone | Axons
57%
AuAudad | Audio | Audit | Auger | Aught | Augur | Aulic | Aunts | Aunty | Aurae | Aural | Aurar | Auras | Aurei | Aures | Auric | Auris | Aurum | Autos | Auxin
55%
AtAtaps | Ataxy | Atilt | Atlas | Atman | Atmas | Atoll | Atoms | Atomy | Atone | Atony | Atopy | Atria | Atrip | Attar | Attic
54%
AqAquae | Aquas
53%
AzAzans | Azide | Azido | Azine | Azlon | Azoic | Azole | Azons | Azote | Azoth | Azuki | Azure
44%
AoAorta
31%
AhAhead | Ahing | Ahold | Ahull
30%
AeAecia | Aedes | Aegis | Aeons | Aerie
25%
AaAahed | Aalii | Aargh
5%
AkAkees | Akela | Akene
3%
AyAyahs | Ayins
2%
AjAjiva | Ajuga
1%

Score Distribution

Percentile by Number Answered

Percent of People with Each Score

Your Score History

You have not taken this quiz